| 000 | 01050cam a22003615i 4500 | ||
|---|---|---|---|
| 999 |
_c27153 _d27125 |
||
| 001 | 013097762 | ||
| 003 | Uk | ||
| 005 | 20190214112313.0 | ||
| 008 | 050131s2005 enk frb 001 0 eng d | ||
| 015 |
_aGBA527870 _2bnb |
||
| 016 | 7 |
_a013097762 _2Uk |
|
| 020 | _a1856045196 | ||
| 020 | _a1555705448 | ||
| 040 |
_aUk _beng _cUk _dEG-ScBUE |
||
| 082 | 0 | 4 |
_a025.431 _222 _bBOW |
| 100 | 1 | _aBowman, J. H. | |
| 245 | 1 | 0 |
_aEssential Dewey / _cJ. H. Bowman.. |
| 264 | 1 |
_aLondon : _bFacet Publishing / CILIP _c2005. |
|
| 300 |
_avi, 150 pages ; _c24 cm. |
||
| 336 |
_atext _2rdacontent |
||
| 337 |
_aunmediated _2rdamedia |
||
| 338 |
_avolume _2rdacarrier |
||
| 500 | _aIncludes index. | ||
| 504 | _aBibliography : p. 145. | ||
| 650 | 7 |
_aClassification, Dewey decimal. _2BUEsh _942020 |
|
| 653 | _cFebruary2019 | ||
| 942 |
_2ddc _cBB |
||